000 00657nam a22002177a 4500
003 UA-OsUOA
001 110612
007 ta
008 20150325b un ||||| |||| 00| 0 ukr d
090 _a811.161.2'35(038)
_bД58
942 _cBK
040 _aUA-OsUOA
_bukr
_cUA-OsUOA
_dUA-OsUOA
245 _aДовідник слів із літерою Ґ
_bблизько 1750 слів
300 _a54 с.
955 _a2
041 _aukr
080 _a811.161.2'35(038)
260 _aДрогобич
_c1993
650 7 _a8 Мовознавство. Художня література. Літературознавство
_2UDC
999 _c396647
_d396647